| 000 | 07139nam a22005537a 4500 | ||
|---|---|---|---|
| 005 | 20120210112325.0 | ||
| 010 | _aB-473433-457 | ||
| 020 |
_c120.00 _a9788189020149 |
||
| 035 | _aB-473433-457 | ||
| 037 | _bब्लूबेरी बुक्स | ||
| 082 | _aक | ||
| 100 |
_aकोमिला राउते _950797 |
||
| 245 |
_aएक अनोखी राजकुमारी / _cकोमिला राउते;वंदना बिष्ट द्वारा चित्रांकित;राखी एम सोमन द्वारा हिन्दी से अनुदित |
||
| 250 | _a2रा संस्क | ||
| 260 |
_aनई दिल्ली _bकथा _c2011 |
||
| 270 |
_aए-3 सर्वोदय एनक्लेव, श्री औरोबिन्दो मार्ग _bनई दिल्ली _e110017 |
||
| 300 |
_aअ.पृ. _bसचित्र _c25 सेमी (अजिल्द) |
||
| 700 |
_aबिष्ट, वंदना _941293 |
||
| 700 |
_941305 _aराखी एम सोमन |
||
| 700 | _941360 | ||
| 942 |
_2ddc _cCH _hक _mकोमिला |
||
| 999 |
_c62459 _d62459 |
||